000 00534nam a2200169Ia 4500
008 090711s9999 xx 000 0 und d
082 _b554
100 _aवरेरकर भा. वि.
245 _aसोन्याSाा कळस
260 _bमौज प्रकाशन
_c1932
300 _a107
600 _aवरेरकर भा. वि.
630 _aसोन्याSाा कळस
700 _aवरेरकर भा. वि.
730 _aसोन्याSाा कळस
942 _cBOOK
999 _c301103
_d301103